| 000 | 00484nam a2200157Ia 4500 | ||
|---|---|---|---|
| 008 | 240729s9999 xx 000 0 und d | ||
| 022 | _a2545-384X | ||
| 245 | 0 | _aReview of European and Comparative Law | |
| 260 | _aPoland | ||
| 260 | _bThe John Paul II Catholic University of Lublin | ||
| 650 | _a Law in general. Comparative and uniform law. Jurisprudence | ||
| 650 | _aLaw | ||
| 856 | _uhttps://doaj.org/toc/43d39f02deb44a879eb4a206ae23150a | ||
| 942 | _2ddc | ||
| 942 | _cDOAJEJ | ||
| 999 |
_c66156 _d66156 |
||
| 945 |
_a1 _bMadushi Gamage _c1 _dMadushi Gamage |
||